000 00792nam a22002177a 4500
999 _c19718
_d19718
003 AR-CdUCM
008 190520b ||||| |||| 00| 0 spa d
040 _aMUNICIPALIDAD PROVINCIAL DEL CUSCO
_cBIBLIOTECA MUNICIPAL DEL CUSCO
082 _a616.07 /
_bB94
100 _aBurrell, Zeb L.
_941238
245 _acuidado intensivo /
260 _aMéxico :
_bLitográfica Ingramex,
_c1983.
300 _a334 páginas ;
_c25 cm.
505 _aC ontenido : La unidad de cuidados intensivos y sus normas paciente y personal -- Trastornos cardiovasculares -- Infarto miocardio agudo...
650 _aInsuficiencia cardiaca
_941239
650 _aAnatomia y fisiologia
_941240
650 _aTromboembolia
_941241
700 _aOwens Burrell, Lonette
_941242
942 _2ddc
_cLIBROS
945 _arcc